<?xml version="1.0" encoding="UTF-8"?><?xml-stylesheet type="text/xsl" href="static/style.xsl"?><OAI-PMH xmlns="http://www.openarchives.org/OAI/2.0/" xmlns:xsi="http://www.w3.org/2001/XMLSchema-instance" xsi:schemaLocation="http://www.openarchives.org/OAI/2.0/ http://www.openarchives.org/OAI/2.0/OAI-PMH.xsd"><responseDate>2026-06-29T02:40:50Z</responseDate><request verb="GetRecord" identifier="oai:docta.ucm.es:20.500.14352/131405" metadataPrefix="marc">https://docta.ucm.es/rest/oai/request</request><GetRecord><record><header><identifier>oai:docta.ucm.es:20.500.14352/131405</identifier><datestamp>2026-02-04T00:48:46Z</datestamp><setSpec>com_20.500.14352_14</setSpec><setSpec>col_20.500.14352_15</setSpec></header><metadata><record xmlns="http://www.loc.gov/MARC21/slim" xmlns:dcterms="http://purl.org/dc/terms/" xmlns:xsi="http://www.w3.org/2001/XMLSchema-instance" xmlns:doc="http://www.lyncode.com/xoai" xsi:schemaLocation="http://www.loc.gov/MARC21/slim http://www.loc.gov/standards/marcxml/schema/MARC21slim.xsd">
   <leader>00925njm 22002777a 4500</leader>
   <datafield ind2=" " ind1=" " tag="042">
      <subfield code="a">dc</subfield>
   </datafield>
   <datafield ind2=" " ind1=" " tag="720">
      <subfield code="a">De Agustín Loeches, José Alberto</subfield>
      <subfield code="e">author</subfield>
   </datafield>
   <datafield ind2=" " ind1=" " tag="720">
      <subfield code="a">Hernan Mejia</subfield>
      <subfield code="e">author</subfield>
   </datafield>
   <datafield ind2=" " ind1=" " tag="720">
      <subfield code="a">Dafne Viliani</subfield>
      <subfield code="e">author</subfield>
   </datafield>
   <datafield ind2=" " ind1=" " tag="720">
      <subfield code="a">Pedro Marcos-Alberca</subfield>
      <subfield code="e">author</subfield>
   </datafield>
   <datafield ind2=" " ind1=" " tag="720">
      <subfield code="a">Jose Juan Gomez de Diego</subfield>
      <subfield code="e">author</subfield>
   </datafield>
   <datafield ind2=" " ind1=" " tag="720">
      <subfield code="a">Ivan Javier Nunez-Gil</subfield>
      <subfield code="e">author</subfield>
   </datafield>
   <datafield ind2=" " ind1=" " tag="720">
      <subfield code="a">Carlos Almeria</subfield>
      <subfield code="e">author</subfield>
   </datafield>
   <datafield ind2=" " ind1=" " tag="720">
      <subfield code="a">Rodrigo López, José Luis</subfield>
      <subfield code="e">author</subfield>
   </datafield>
   <datafield ind2=" " ind1=" " tag="720">
      <subfield code="a">Luaces Méndez, María</subfield>
      <subfield code="e">author</subfield>
   </datafield>
   <datafield ind2=" " ind1=" " tag="720">
      <subfield code="a">García Fernández, Miguel Ángel</subfield>
      <subfield code="e">author</subfield>
   </datafield>
   <datafield ind2=" " ind1=" " tag="720">
      <subfield code="a">Macaya Miguel, Carlos</subfield>
      <subfield code="e">author</subfield>
   </datafield>
   <datafield ind2=" " ind1=" " tag="720">
      <subfield code="a">Pérez De Isla, Leopoldo</subfield>
      <subfield code="e">author</subfield>
   </datafield>
   <datafield ind2=" " ind1=" " tag="260">
      <subfield code="c">2014-08-01</subfield>
   </datafield>
   <datafield ind2=" " ind1=" " tag="520">
      <subfield code="a">Background: The two-dimensional (2D) proximal isovelocity surface area (PISA) method has important technical limitations for mitral valve orifice area (MVA) assessment in mitral stenosis (MS), mainly the geometric
assumptions of PISA shape and the requirement of an angle correction factor. Single-beat real-time
three-dimensional (3D) color Doppler imaging allows the direct measurement of PISA without geometric
assumptions or the requirement of an angle correction factor. The aim of this study was to validate this method
in patients with rheumatic MS.
Methods: Sixty-three consecutive patients with rheumatic MS were included. MVA was assessed using the
transthoracic 2D and 3D PISA methods. Planimetry of MVA (2D and 3D) and the pressure half-time method
were used as reference methods.
Results: The 3D PISA method had better correlations with the reference methods (with 2D planimetry, r = 0.85,
P &lt; .001; with 3D planimetry, r = 0.89, P &lt; .001; and with pressure half-time, r = 0.85, P &lt; .001) than the conventional 2D PISA method (with 2D planimetry, r = 0.63, P &lt; .001; with 3D planimetry, r = 0.66, P &lt; .001; and with
pressure half-time, r = 0.68, P &lt; .001). In addition, a consistent significant underestimation of MVA using the conventional 2D PISA method was observed. A high percentage (30%) of patients with nonsevere MS by 3D planimetry were misclassified by the 2D PISA method as having severe MS (effective regurgitant orifice area &lt; 1 cm2
). In
contrast, the 3D PISA method had 94% agreement with 3D planimetry. Good intra- and interobserver agreement
for 3D PISA measurements were observed, with intraclass correlation coefficients of 0.95 and 0.90, respectively.
Conclusions: MVA assessment using PISA by single-beat real-time 3D color Doppler echocardiography is
feasible in the clinical setting and more accurate than the conventional 2D PISA method. (J Am Soc Echocardiogr 2014;27:838-45.)</subfield>
   </datafield>
   <datafield ind1="8" ind2=" " tag="024">
      <subfield code="a">De Agustin JA, Mejia H, Viliani D, Marcos-Alberca P, Gomez De Diego JJ, Nuñez-Gil IJ, et al. Proximal Flow Convergence Method by Three-Dimensional Color Doppler Echocardiography for Mitral Valve Area Assessment in Rheumatic Mitral Stenosis. Journal of the American Society of Echocardiography 2014;27:838–45. https://doi.org/10.1016/j.echo.2014.04.023.</subfield>
   </datafield>
   <datafield ind1="8" ind2=" " tag="024">
      <subfield code="a">1097-6795</subfield>
   </datafield>
   <datafield ind1="8" ind2=" " tag="024">
      <subfield code="a">10.1016/J.ECHO.2014.04.023</subfield>
   </datafield>
   <datafield ind1="8" ind2=" " tag="024">
      <subfield code="a">https://hdl.handle.net/20.500.14352/131405</subfield>
   </datafield>
   <datafield ind1="8" ind2=" " tag="024">
      <subfield code="a">0894-7317</subfield>
   </datafield>
   <datafield ind1="8" ind2=" " tag="024">
      <subfield code="a">https://doi.org/1097-6795, 0894-7317</subfield>
   </datafield>
   <datafield ind1="8" ind2=" " tag="024">
      <subfield code="a">https://www.sciencedirect.com/science/article/abs/pii/S0894731714003071?via%3Dihub</subfield>
   </datafield>
   <datafield ind2="0" ind1="0" tag="245">
      <subfield code="a">Proximal flow convergence method by three-dimensional color doppler echocardiography for mitral valve area assessment in rheumatic mitral stenosis</subfield>
   </datafield>
</record></metadata></record></GetRecord></OAI-PMH>